Loading...
| Current Events | 4 | 12.50 | 50% | 25% | 50% |
| Fine Arts - Classical Music | 6 | 15.00 | 83% | 50% | 17% |
| Fine Arts - Other Fine Arts | 7 | 15.71 | 100% | 29% | 29% |
| Geography | 3 | 16.67 | 100% | 67% | 0% |
| History - American History | 5 | 18.00 | 100% | 80% | 0% |
| History - European History | 6 | 15.00 | 100% | 33% | 17% |
| History - Other History | 3 | 20.00 | 100% | 33% | 67% |
| History - World History | 4 | 17.50 | 100% | 50% | 25% |
| Literature - American Literature | 8 | 13.75 | 88% | 50% | 0% |
| Literature - British Literature | 6 | 13.33 | 100% | 33% | 0% |
| Literature - European Literature | 5 | 14.00 | 100% | 40% | 0% |
| Literature - World Literature | 5 | 10.00 | 100% | 0% | 0% |
| Mythology | 4 | 20.00 | 100% | 75% | 25% |
| Painting/Sculpture | 7 | 15.71 | 100% | 57% | 0% |
| Philosophy | 5 | 16.00 | 100% | 40% | 20% |
| Pop Culture | 3 | 26.67 | 100% | 100% | 67% |
| Religion | 5 | 14.00 | 100% | 40% | 0% |
| Science - Biology | 4 | 15.00 | 75% | 50% | 25% |
| Science - Chemistry | 7 | 11.43 | 86% | 29% | 0% |
| Science - Other Science | 3 | 16.67 | 100% | 67% | 0% |
| Science - Physics | 9 | 13.33 | 89% | 44% | 0% |
| Social Science | 3 | 13.33 | 100% | 33% | 0% |